Online
Catalog

Matemática básica universitaria / (Record no. 6791)

MARC details
000 -CABECERA
campo de control de longitud fija 00888nam a2200229 a 4500
001 - NÚMERO DE CONTROL
campo de control 000007007
005 - FECHA Y HORA DE LA ÚLTIMA TRANSACCIÓN
campo de control 20200929154037.0
008 - DATOS DE LONGITUD FIJA--INFORMACIÓN GENERAL
campo de control de longitud fija 090904s1997 dr r 000 0 spa d
040 ## - FUENTE DE LA CATALOGACIÓN
Centro catalogador/agencia de origen DO-SdBNP
Lengua de catalogación spa
Centro/agencia transcriptor BNPHU
082 ## - NÚMERO DE LA CLASIFICACIÓN DECIMAL DEWEY
Número de clasificación 510
Número de documento/Ítem M425b
245 00 - MENCIÓN DE TÍTULO
Título Matemática básica universitaria /
Mención de responsabilidad, etc. Agustin Guzmán ... [et al.] ; prólogo Ramón Aníbal Castro R.
260 ## - PUBLICACIÓN, DISTRIBUCIÓN, ETC.
Lugar de publicación, distribución, etc. Santiago de los Caballeros :
Nombre del editor, distribuidor, etc. Teófilo,
Fecha de publicación, distribución, etc. 1997.
300 ## - DESCRIPCIÓN FÍSICA
Extensión 2 v. ;
Dimensiones 21 cm.
590 ## - NOTA LOCAL (RLIN)
Nota local Inventariado, 2018/BT
650 #4 - PUNTO DE ACCESO ADICIONAL DE MATERIA--TÉRMINO DE MATERIA
Término de materia o nombre geográfico como elemento de entrada Matemáticas
Subdivisión general Problemas, ejercicios, etc.
9 (RLIN) 19473
650 #4 - PUNTO DE ACCESO ADICIONAL DE MATERIA--TÉRMINO DE MATERIA
Término de materia o nombre geográfico como elemento de entrada Teoría de conjuntos
Subdivisión general Problemas, ejercicios, etc.
9 (RLIN) 19474
650 #4 - PUNTO DE ACCESO ADICIONAL DE MATERIA--TÉRMINO DE MATERIA
Término de materia o nombre geográfico como elemento de entrada Polinomios
Subdivisión general Problemas, ejercicios, etc.
9 (RLIN) 19475
650 #4 - PUNTO DE ACCESO ADICIONAL DE MATERIA--TÉRMINO DE MATERIA
Término de materia o nombre geográfico como elemento de entrada Ecuaciones
Subdivisión general Problemas, ejercicios, etc.
9 (RLIN) 19476
700 1# - PUNTO DE ACCESO ADICIONAL--NOMBRE DE PERSONA
Nombre de persona Guzmán, Agustin
9 (RLIN) 19477
700 1# - PUNTO DE ACCESO ADICIONAL--NOMBRE DE PERSONA
Nombre de persona Castro R. , Ramón Aníbal,
Término indicativo de función/relación pról.
9 (RLIN) 19478
910 ## - DATOS DE OPCIÓN DEL USUARIO (OCLC)
Datos de opción del usuario Validado. Control de calidad. MMOLINA
Holdings
Estado de retiro Estado de pérdida No para préstamo Código de colección Localización permanente Ubicación/localización actual Ubicación en estantería Fecha de adquisición Número de inventario Total de préstamos Signatura topográfica completa Código de barras Fecha visto por última vez Precio válido a partir de Tipo de ítem Koha
    Excluido de préstamo Patrimonio Dominicano Patrimonio Dominicano Patrimonio Dominicano Depósito 04.09.2009 LF1   510.07 M425b | v.1 7007-10 25.06.2020 25.06.2020 Libro y Folleto Colección Patrimonio Dominicano
  Extraviado Excluido de préstamo Patrimonio Dominicano Patrimonio Dominicano Patrimonio Dominicano Extraviado 26.05.2010 LF1   510.07 M425b | v.1, e.2 7007-20 25.06.2020 25.06.2020 Libro y Folleto Colección Patrimonio Dominicano
    Excluido de préstamo Patrimonio Dominicano Patrimonio Dominicano Patrimonio Dominicano Depósito 13.05.2013 LF1   510.07 M425b | v.2 7007-30 25.06.2020 25.06.2020 Libro y Folleto Colección Patrimonio Dominicano

Powered by Koha